书目信息 |
| 题名: |
唐宋散文八大家
|
|
| 作者: | 孙东平 编著 | |
| 分册: | ||
| 出版信息: | 长春 吉林文史出版社 2018重印 |
|
| 页数: | 120页 | |
| 开本: | 23cm | |
| 丛书名: | 中国文化知识读本 | |
| 单 册: | ||
| 中图分类: | K825.6=42 , I207.62 | |
| 科图分类: | ||
| 主题词: | 唐宋八大家--tang song ba da jia--人物研究 , 唐宋八大家--tang song ba da jia--古典散文--文学研究 | |
| 电子资源: | ||
| ISBN: | 978-7-5463-1985-8 | |
| 000 | 01273nam 2200289 45 | |
| 001 | 012001009997 | |
| 005 | 20140102090304.0 | |
| 010 | @a978-7-5463-1985-8@dCNY34.80 | |
| 099 | @aCAL 012010199838 | |
| 100 | @a20100921d2010 ekmy0chiy0120 ea | |
| 101 | 0 | @achi |
| 102 | @aCN@b220000 | |
| 105 | @aac z 000yd | |
| 106 | @ar | |
| 200 | 1 | @a唐宋散文八大家@Atang song san wen ba da jia@g编著孙东平 |
| 210 | @a长春@c吉林文史出版社@d2018重印 | |
| 215 | @a120页@c图, 肖像@d23cm | |
| 225 | 2 | @a中国文化知识读本@Azhong guo wen hua zhi shi du ben@f主编金开诚 |
| 330 | @a《中国文化知识读本》是由吉林出版集团有限责任公司和吉林文史出版社组织国内知名专家学者编写的一套旨在传播中华五千优秀传统文化,提高全民文化修养的大型知识读本。该书在深入挖掘和整理中华优秀传统文化成果的同时,结合社会发展,注入了时代精神。书中优美生动的文字、简明通俗的语言、图文并茂的形式,把中国文化中的物态文化、制度文化、行为文化、精神文化等知识要点全面展示给读者。 | |
| 410 | 0 | @12001 @a中国文化知识读本 |
| 606 | 0 | @a唐宋八大家@Atang song ba da jia@x人物研究 |
| 606 | 0 | @a唐宋八大家@Atang song ba da jia@x古典散文@x文学研究 |
| 690 | @aK825.6=42@v4 | |
| 690 | @aI207.62@v4 | |
| 701 | 0 | @a孙东平@Asun dong ping@4编著 |
| 801 | 2 | @aCN@b上海新华@c20191020 |
| 905 | @b1135240-3@dK825.6=42@e1285@f4 | |
| 唐宋散文八大家/编著孙东平.-长春:吉林文史出版社,2018重印 |
| 120页:图, 肖像;23cm.-(中国文化知识读本/主编金开诚) |
| ISBN 978-7-5463-1985-8:CNY34.80 |
| 《中国文化知识读本》是由吉林出版集团有限责任公司和吉林文史出版社组织国内知名专家学者编写的一套旨在传播中华五千优秀传统文化,提高全民文化修养的大型知识读本。该书在深入挖掘和整理中华优秀传统文化成果的同时,结合社会发展,注入了时代精神。书中优美生动的文字、简明通俗的语言、图文并茂的形式,把中国文化中的物态文化、制度文化、行为文化、精神文化等知识要点全面展示给读者。 |
| ● |
| 相关链接 |
|
|
|
|
正题名:唐宋散文八大家
索取号:K825.6=42/1285
 
预约/预借
| 序号 | 登录号 | 条形码 | 馆藏地/架位号 | 状态 | 备注 |
| 1 | 1135240 | 211352409 | 第二样本阅览室/ [索取号:K825.6=42/1285] | 在馆 | |
| 2 | 1135241 | 211352418 | 第二借阅区/ [索取号:K825.6=42/1285] | 在馆 | |
| 3 | 1135242 | 211352427 | 第二借阅区/ [索取号:K825.6=42/1285] | 在馆 | |
| 4 | 1135243 | 211352436 | 第二借阅区/ [索取号:K825.6=42/1285] | 在馆 |